LEADER 02306nam 2200529Ia 450 001 996394909603316 005 20200818232617.0 035 $a(CKB)4940000000123601 035 $a(EEBO)2240913081 035 $a(UnM)99895442e 035 $a(UnM)99895442 035 $a(EXLCZ)994940000000123601 100 $a19980827d1678 uy | 101 0 $aeng 135 $aurbn||||a|bb| 200 14$aThe whole duty of man$b[electronic resource] $elaid down in a plain and familiar way for the use of all, but especially the meanest reader. Divided into XVII. chapters: one whereof being read every Lords Day, the whole may be read over thrice in the year. Necessary for all families. With Private devotions for several occasions 210 $aLondon $cprinted by R. Norton for Robert Pawlett, at the sign of the Bible in Chancery-Lane, near Fleetstreet$d1678 215 $a[30], 471, [9] p. $cill. (metal cut) 300 $aAttributed to Richard Allestree. Sometimes also attributed to Dorothy Pakington, Richard Sterne, John Fell, or Humphrey Henchman and others. 300 $a"To the bookseller" signed: H. Hammon. 300 $aWith an additional title page, engraved. 300 $aThe first leaf bears royal arms. 300 $a"Private devotions for several occasions" has separate dated title page; pagination and register are continuous. 300 $aIncludes index. 300 $aWith a final advertisement leaf. 300 $aReproduction of original in the British Library. 330 $aeebo-0018 606 $aChristian life$vEarly works to 1800 606 $aDevotional exercises$vEarly works to 1800 606 $aPrayers$vEarly works to 1800 615 0$aChristian life 615 0$aDevotional exercises 615 0$aPrayers 700 $aAllestree$b Richard$f1619-1681.$0793142 701 $aHammond$b Henry$f1605-1660.$0322258 702 $aFell$b John$f1625-1686, 702 $aSterne$b Richard$f1596?-1683, 702 $aPakington$b Dorothy Coventry$cLady,$fd. 1679, 702 $aHenchman$b Humphrey$f1592-1675, 702 $aAllestree$b Richard$f1619-1681.$4aut 801 0$bCu-RivES 801 1$bCu-RivES 801 2$bWaOLN 906 $aBOOK 912 $a996394909603316 996 $aThe whole duty of man$92308995 997 $aUNISA LEADER 01106oam 2200337Ia 450 001 9910704313803321 005 20130212154250.0 035 $a(CKB)5470000002440551 035 $a(OCoLC)827110959 035 $a(EXLCZ)995470000002440551 100 $a20130209d2012 ua 0 101 0 $aeng 135 $aurmn||||||||| 181 $ctxt$2rdacontent 182 $cc$2rdamedia 183 $acr$2rdacarrier 200 10$aHomeland security$b[electronic resource] $eDHS requires more disciplined investment management to help meet mission needs : report to congressional requesters 210 1$a[Washington, D.C.] :$cU.S. Govt. Accountability Office,$d[2012] 215 $a1 online resource (iii, 105 pages) $cillustrations 300 $aTitle from title screen (viewed Feb. 9, 2013). 300 $a"September 2012." 300 $a"GAO-12-833." 320 $aIncludes bibliographical references. 517 $aHomeland security 801 0$bDID 801 1$bDID 801 2$bGPO 906 $aBOOK 912 $a9910704313803321 996 $aHomeland Security$91686681 997 $aUNINA